<?xml version="1.0" encoding="UTF-8"?>
<marc:record xmlns:marc="http://www.loc.gov/MARC21/slim">
   <marc:leader>00000nam a2200000 a 4500</marc:leader>
   <marc:datafield ind1=" " ind2=" " tag="653">
      <marc:subfield code="a">Comicroman</marc:subfield>
   </marc:datafield>
   <marc:datafield ind1="0" ind2="0" tag="245">
      <marc:subfield code="a">Cornibus &amp; Co</marc:subfield>
   </marc:datafield>
   <marc:datafield ind1="0" ind2="0" tag="245">
      <marc:subfield code="b">ein Hausdämon packt aus</marc:subfield>
   </marc:datafield>
   <marc:datafield ind1="0" ind2="0" tag="245">
      <marc:subfield code="c">Jochen Till [Text]. Raimund Frey [Ill.]</marc:subfield>
   </marc:datafield>
   <marc:datafield ind1=" " ind2="1" tag="264">
      <marc:subfield code="a">Bindlach</marc:subfield>
      <marc:subfield code="b">Loewe wow</marc:subfield>
      <marc:subfield code="c">2020</marc:subfield>
   </marc:datafield>
   <marc:datafield ind1="1" ind2=" " tag="520">
      <marc:subfield code="a">Quelle: bn.bibliotheksnachrichten (http://www.biblio.at/literatur/bn/index.html); #Autor: Angela Zemanek-Hackl; #Cornibus, der Hausdämon von Luzifer junior, hat nun ein eigenes Buch. (ab 8) (JE)#Cornibus ist der liebenswürdige, spracherfinderische und verwandlungsbefähigte Dämon, der Schokolade liebt und in bekannt humoriger Art aus der Hölle berichtet. Er erzählt von der Arbeit, bei der so allerhand "Späne fliegen", denn die vielen Leichen, die sich knapp vor Feierabend auf dem Schreibtisch des Chefs stapeln, sind eine bürokratische Herausforderung. Auch der Zustand, dass Teile aus der Oberwelt plötzlich in der Unterwelt auftauchen, ist bedenklich.#Der kleine, sympathische Dämon arbeitet sich fleißig durch die lustige Geschichte. Die comicartigen Illustrationen und die vielen unterschiedlichen Schriftarten laden zum (Vor)Lesen ein. Das Buch ist von Verlagsseite für 7-Jährige deklariert, die Sprache hier ist aber recht komplex, so wird es 8- und 9-Jährigen besser gefallen, mit Cornibus "durch die Hölle zu gehen". Man muss die Luzifer-Bücher nicht kennen, um Gefallen an diesem Ableger zu finden. Ab mittleren Beständen sicher eine Bereicherung.</marc:subfield>
   </marc:datafield>
   <marc:datafield ind1=" " ind2=" " tag="020">
      <marc:subfield code="a">9783743205659</marc:subfield>
      <marc:subfield code="9">9783743205659</marc:subfield>
   </marc:datafield>
   <marc:datafield ind1=" " ind2=" " tag="041">
      <marc:subfield code="a">ger</marc:subfield>
   </marc:datafield>
   <marc:datafield ind1=" " ind2=" " tag="300">
      <marc:subfield code="a">139 S</marc:subfield>
   </marc:datafield>
</marc:record>
